|
|
|
|
| LEADER |
01308nam a2200277 a 4500 |
| 001 |
15648424 |
| 008 |
100524r20081997enk b 000 0 eng d |
| 010 |
|
|
|a \\2009291056
|
| 020 |
|
|
|a 9780199537518 (pbk.)
|
| 040 |
|
|
|a UKM
|c UKM
|d DLC
|d BD-DhAAL
|
| 082 |
0 |
0 |
|a 862/.62
|2 22
|
| 100 |
1 |
|
|a García Lorca, Federico,
|d 1898-1936.
|
| 240 |
1 |
0 |
|a Plays.
|l English.
|k Selections
|
| 245 |
1 |
0 |
|a Four major plays /
|c Federico García Lorca ; translated by John Edmunds ; introduction by Nicholas Round ; notes by Ann MacLaren.
|
| 260 |
|
|
|a Oxford ;
|a New York :
|b Oxford University Press,
|c 1997[reprinted 2008]
|
| 300 |
|
|
|a xli, 234 p. ;
|c 20 cm.
|
| 490 |
0 |
|
|a Oxford world's classics
|
| 546 |
|
|
|a Translated from the Spanish.
|
| 504 |
|
|
|a Includes bibliographical references.
|
| 541 |
1 |
|
|e 00020300
|
| 600 |
1 |
0 |
|a García Lorca, Federico,
|d 1898-1936
|v Translations into English.
|
| 700 |
1 |
|
|a Edmunds, John.
|
| 852 |
4 |
|
|a Ayesha Abed Library
|j General Shelf
|
| 999 |
|
|
|c 8691
|d 8691
|
| 952 |
|
|
|0 0
|1 0
|2 ddc
|4 0
|6 862_620000000000000_GAR_2008
|7 0
|9 10458
|a BRACUL
|b BRACUL
|c GEN
|d 2010-05-24
|l 7
|m 45
|o 862.62 GAR
|p 3010020300
|r 2026-04-01
|s 2025-10-28
|t 1
|w 2010-05-24
|y BK
|
| 952 |
|
|
|0 0
|1 4
|2 ddc
|4 0
|6 862_620000000000000_GAR
|7 0
|9 10532
|a BRACUL
|b BRACUL
|c GEN
|d 2010-05-25
|l 0
|o 862.62 GAR
|p 3010020275
|r 2010-05-25
|t 2
|w 2010-05-25
|y BK
|x Koha Inventory 2020
|